Deutschland Archiv (Titelsatznr. 60889)
[ MARC ]
| 000 -Satzkennung | |
|---|---|
| Kontrollfeld mit fester Länge | 01268nam a22003611c 4500 |
| 001 - Kontrollnummer | |
| Kontrollfeld | 1235676994 |
| 003 - Kontrollnummer Identifier | |
| Kontrollfeld | DE-101 |
| 005 - Datum und Zeit der letzten Transaktion | |
| Kontrollfeld | 20240311141125.0 |
| 008 - Feld mit fester Länge zur physischen Beschreibung - Allgemeine Angaben | |
| Kontrollfeld mit fester Länge | 210617s2021 gw u||p| ||| 0||||1ger |
| 016 7# - Kontrollnummer der nationalbibliografischen Agentur | |
| Quelle | DE-101 |
| Datensatzkontrollnummer | 1235676994 |
| 020 ## - Internationale Standardbuchnummer | |
| Internationale Standardbuchnummer | 9783742506627 |
| Verknüpfung | 978-3-7425-0662-7 |
| 022 ## - Internationale Standardseriennummer | |
| Internationale Standardseriennummer | 0012-1428 |
| 035 ## - Systemkontrollnummer | |
| System-Kontrollnummer | (DE-599)DNB1235676994 |
| 040 ## - Katalogisierungsquelle | |
| Original-Katalogisierungsstelle | 1199 |
| Katalogisierungssprache | ger |
| Übertragungsstelle | RU-10907106 |
| 041 ## - Sprachcode | |
| Sprachcode des Textes/der Tonspur oder des separaten Titels | ger |
| 044 ## - Ländercode der veröffentlichenden/herstellenden Stelle | |
| ISO-Ländercode | XA-DE |
| 245 00 - Titel | |
| Titel | Deutschland Archiv |
| Zählung des Teils/der Abteilung eines Werkes | 2020 |
| Verfasserangabe etc. | Bundeszentrale für Politische Bildung |
| 264 #1 - Produktion, Veröffentlichung, Distribution, Herstellung und Urheberrechtsvermerk | |
| Herstellungs-, Veröffentlichungs- Vertriebs-, Erzeugungsort | Bonn : |
| Produzent, Herausgeber, Distributor, Hersteller | Bundeszentrale für Politische Bildung, |
| Datum der Herstellung, der Veröffentlichung, des Vertriebs oder des Urheberschutzvermerks | 2021 |
| 300 ## - Physische Beschreibung | |
| Umfang | 198 Seiten : |
| Andere physische Details | Illustrationen |
| 336 ## - Inhaltstyp | |
| Quelle | rdacontent |
| Inhaltstypterm | Text |
| Inhaltstypcode | txt |
| 337 ## - Medientyp | |
| Quelle | rdamedia |
| Bezeichnung des Medientyps | Ohne Hilfsmittel zu benutzen |
| Medientypcode | n |
| 338 ## - Datenträgertyp | |
| Quelle | rdacarrier |
| Datenträgertypbezeichnung | Band |
| Datenträgertypcode | nc |
| 490 ## - Gesamttitelangabe | |
| Gesamttitelangabe | Bundeszentrale für Politische Bildung: Schriftenreihe |
| Bandnummer/Folgebezeichnung | Band 10662 |
| 630 #7 - Nebeneintragung unter einem Schlagwort - Einheitstitel | |
| Einheitstitel | Deutschland-Archiv (Zeitschrift) |
| Koha-Normdatenidentnummer | 15570 |
| 650 ## - Nebeneintragung unter einem Schlagwort - Sachschlagwort | |
| Sachschlagwort oder geografischer Name als Eintragungselement | Transformation |
| Koha-Normdatenidentnummer | 2496 |
| 651 #7 - Nebeneintragung unter einem Schlagwort - Geografischer Name | |
| Quelle der Ansetzung oder des Terms | gnd |
| Geografischer Name | Deutschland |
| 655 #7 - Indexierungsterm - Genre/Form | |
| Genre/Form oder fokussierter Term | Aufsatzsammlung |
| Koha-Normdatenidentnummer | 210 |
| 700 ## - Nebeneintragung - Personenname | |
| Funktionsbezeichnungscode | edt |
| Personenname | Linnekugel, Anja |
| Funktionsbezeichnung | HerausgeberIn |
| Koha-Normdatenidentnummer | 59341 |
| 700 ## - Nebeneintragung - Personenname | |
| Funktionsbezeichnungscode | edt |
| Personenname | Michel, Dirk |
| Funktionsbezeichnung | HerausgeberIn |
| Koha-Normdatenidentnummer | 59342 |
| 710 ## - Nebeneintragung - Körperschaftsname | |
| Funktionsbezeichnungscode | isb |
| Körperschafts- oder Gebietskörperschaftsname als Eintragungselement | Bundeszentrale für politische Bildung |
| Funktionsbezeichnung | Herausgebendes Organ |
| Koha-Normdatenidentnummer | 436 |
| 942 ## - Zusätzliche Felder (Koha) | |
| Koha-Medientyp | Monographien |
| Klassifikation oder Aufstellungssystematik | Andere/Generische Klassifikation |
| Ausgeschieden | Verloren | Klassifikation oder Aufstellungssystematik | Beschädigt | Nicht entleihbar | Heimatbibliothek | Aufenthaltsbibliothek | Aufstellungsort | Erwerbungsdatum | Inventarnummer | Signatur | Barcode | Letzte Aktivität | Preis gültig von | Koha-Medientyp |
|---|---|---|---|---|---|---|---|---|---|---|---|---|---|---|
| Andere/Generische Klassifikation | MWN Osteuropa | MWN Osteuropa | Lesesaal - 1 | 19/10/2022 | 22-00436 | D 55 u Lin | E00401082D371440 | 19/10/2022 | 19/10/2022 | Monographien |